Technické a softwarové prostriedky ochrany počítača v oblasti počítačovej kriminality

Saved in:
Bibliographic Details
Main Author Ševčíková, Patrícia (Dissertant)
Other Authors Ivanka, Ján (Thesis advisor)
Format Manuscript Book
LanguageCzech
Published 2012
Subjects
Online AccessPlný text v Digitální knihovně UTB
Physical Description127 s.

Cover

LEADER 00000ntm a22000007u 4500
001 zp26233
041 |a cze 
100 1 |a Ševčíková, Patrícia  |4 dis 
245 1 0 |a Technické a softwarové prostriedky ochrany počítača v oblasti počítačovej kriminality 
246 |a Technical and Software Resources for Protection Against Computer Criminality<br> 
260 |c 2012 
300 |a 127 s. 
500 |a Studijní obor: Bezpečnostní technologie, systémy a management 
500 |a Studijní obor: Security Technologies, Systems and Management 
500 |a Ústav: Ústav elektroniky a měření 
500 |a Univerzita Tomáše Bati ve Zlíně. Fakulta aplikované informatiky 
500 |a Tomas Bata University in Zlín. Faculty of Applied Informatics 
506 |a Bez omezení 
653 |a počítačová kriminalita 
653 |a malware 
653 |a Internet 
653 |a prevencia 
653 |a sociálna sieť 
653 |a ochrana počítača 
653 |a ochrana dát 
653 |a computer criminality 
653 |a malware 
653 |a Internet 
653 |a protection 
653 |a social network 
653 |a computer protection 
653 |a data protection 
655 4 |a diplomová práce 
700 1 |a Ivanka, Ján  |4 ths 
710 2 |a Univerzita Tomáše Bati ve Zlíně. Fakulta aplikované informatiky  |4 dgg 
710 2 |a Tomas Bata University in Zlín. Faculty of Applied Informatics  |4 dgg 
856 4 0 |u http://hdl.handle.net/10563/18898  |y Plný text v Digitální knihovně UTB